Jawāhir al-adab fī inshāʼ wa-adabīyāt lughat al-ʻArab /
Main Author:
Format: Book
Language: Arabic
Published:
Miṣr :
Maṭbaʻat al-Saʻādah,
[1920].
Edition: al-Ṭabʻah 12.
Subjects:
Tags: Add Tag
Call Number: PJ7601 .H32 1920
| LEADER | 01266nam a2200301 a 4500 | ||
|---|---|---|---|
| 001 | 11302 | ||
| 003 | OSt | ||
| 005 | 20231016111552.0 | ||
| 008 | 130303s1920 ua a 000 0 ara d | ||
| 952 | |0 0 |1 0 |2 lcc |4 0 |6 PJ7601 H32 01920 |7 1 |9 50572 |a ARCE |b ARCE |d 2023-10-16 |l 0 |o PJ7601 .H32 1920 |p 1031593 |r 2023-10-16 00:00:00 |w 2023-10-16 |y BK | ||
| 999 | |c 11160 |d 11160 | ||
| 035 | |a AMODL:0000563 | ||
| 035 | |a NJPG91-B36707 | ||
| 040 | |c ARCE Library | ||
| 050 | 1 | |a PJ7601 .H32 1920 | |
| 100 | 1 | |6 880-01 |a Hāshimī, Aḥmad, |e author | |
| 245 | 1 | 0 | |6 880-02 |a Jawāhir al-adab fī inshāʼ wa-adabīyāt lughat al-ʻArab / |c taʼlīf Aḥmad al-Hāshimī. |
| 250 | |a al-Ṭabʻah 12. | ||
| 264 | 1 | |a Miṣr : |b Maṭbaʻat al-Saʻādah, |c [1920]. | |
| 300 | |a 2 volumes in 1 : |b illustrations ; |c 24 cm. | ||
| 500 | |a Title in pref. : Jawāhir al-adab fī adabīyāt wa-inshāʼ lughat al-ʻArab. | ||
| 583 | |a GETTY PROJECT, |c 2005. | ||
| 650 | 0 | |a Arabic literature. | |
| 852 | |a IN |c 20090707091140.0n |p 11030 | ||
| 880 | 1 | |6 100-01/(3/r |a هاشمي، أحمد | |
| 880 | 1 | 0 | |6 245-02/(3/r |a جواهر الأدب في إنشاء و أدبيات لغة العرب |c تأليف أحمد الهاشمي. |
| 901 | |a reviewed | ||
| 942 | |c BK |2 lcc | ||
